Haitian Creole Cognates - Statistics

General Stats
  • This quiz has been taken 82 times
  • The average score is 12 of 15
Answer Stats
Hint Answer % Correct
Orevwa Goodbye
95%
Wi Yes
95%
Manje Eat
92%
Bonjou Good Morning
92%
Mési Thank You
88%
Kontan Happy
86%
Bonswa Good Evening
80%
Gason Man
75%
Rankontre Meet
73%
Lét Milk
73%
Wouj Red
73%
Souple Please
71%
Fi Woman
71%
Pen Bread
66%
Pale Speak
63%
No matching quizzes found
Score Distribution
Percent of People with Each Score
Percentile by Number Answered
Your Score History
You have not taken this quiz